| 000 | 01065nam a2200229Ia 4500 | ||
|---|---|---|---|
| 003 | GCL | ||
| 005 | 20240530105312.0 | ||
| 008 | 140319s9999 xx 000 0 ara d | ||
| 040 |
_aGCL / _cGCL |
||
| 082 | 0 | 4 |
_a231.5 _bك م |
| 100 | 1 | _aالكفعمى : تقى الدين ابراهيم بن على بن الحسن الحارثى العاملى | |
| 245 | 1 | 0 |
_aمحاسبة النفس ويليه كشف الريبة عن احكام الغيبة / _cالكفعمى : تقى الدين ابراهيم بن على بن الحسن الحارثى العاملى |
| 260 |
_aبيروت : _bدار الحوراء ، _c1988 |
||
| 300 |
_a330 ص ؛ _c19 سم |
||
| 650 | 0 | 4 | _aالاسلام |
| 650 | 0 | 4 | _aالاحاديث النبوية |
| 650 | 0 | 4 | _aالقران - احكام |
| 700 | 1 | _aتقى الدين ابراهيم بن على العام | |
| 700 | 1 | _aابن طاووس البغدادى : رضى الدين على بن موسى بن جعفر بن طاووس الحسنى | |
| 700 | 1 | _aمحمد حسين الطباطبائى (تقديم) | |
| 942 |
_2ddc _cBK |
||
| 999 |
_c54750 _d54750 |
||